| 000 | 00493nam a2200181Ia 4500 | ||
|---|---|---|---|
| 001 | 20509 | ||
| 005 | 20260306172811.0 | ||
| 008 | 260306t2000||||xx |||||||||||||| ||spa|| | ||
| 041 | _aESP | ||
| 082 |
_a343.334 _bD44 |
||
| 100 |
_aDefensoría del Pueblo _eAUT |
||
| 245 | 0 |
_aAnticoncepción quirúrgica voluntaria I: _bcasos investigados por la defensoría del pueblo |
|
| 260 | _c2000 | ||
| 300 |
_a160 páginas : _c21 cm. |
||
| 650 | _aGEN | ||
| 654 | _aCDE | ||
| 942 |
_cLIB _dJUS _fJUS _2ddc _n |
||
| 999 |
_c20509 _d20509 |
||